| 000 | 01505cam a22003857a 4500 | ||
|---|---|---|---|
| 003 | CHAP | ||
| 005 | 20240119130956.0 | ||
| 008 | 000121s1999 mx r 00010 spa d | ||
| 010 | _a79409 | ||
| 011 | _a80381 | ||
| 035 | _a90831 | ||
| 040 | _cCHAP | ||
| 090 | _aFolleto 15956 | ||
| 100 | 1 | 0 |
_aFlores Verduzco, Juan José _941784 |
| 245 | 1 | 3 |
_aLa cadena porcina mexicana frente a la liberación comercial : _bun caso jaliscience de insuficiente integración _c/por Juan José Flores Verduzco |
| 260 |
_aChapingo, Méx. : _bUACH. Centro de Investigaciones Económicas, Sociales y Tecnológicas de la Agroindustria y la Agricultura Mundial, _c1999. |
||
| 300 | _a64 p. | ||
| 410 | _aUACH. CIESTAAM | ||
| 490 | 0 |
_aReporte de investigación _v; 42 |
|
| 500 | _ac.5 en bodega | ||
| 590 |
_aBATCH-UPD _b10 _c20130110 _lUCH01 _h1342 |
||
| 590 |
_aBATCH-UPD _b10 _c20130410 _lUCH01 _h0843 |
||
| 590 |
_aBATCH-UPD _b10 _c20130914 _lUCH01 _h1420 |
||
| 590 |
_aCONVERSION _b10 _c20130109 _lUCH01 _h1344 |
||
| 650 | 1 | 4 |
_aGanado porcino _xAspectos económicos. _945334 |
| 650 | 1 | 4 |
_aGanado porcino _xJalisco. _945378 |
| 810 | 0 |
_aUACh. CIESTAAM _9115844 |
|
| 830 | 0 |
_aReporte de investigación _v; 42 _996000 |
|
| 901 | _aBK | ||
| 942 | _cFOLL | ||
| 949 |
_aFolleto 15956 _bBC _cFOLL _d33724002052736 _eTS2 _fc.4 _i90831 _st |
||
| 949 |
_aFolleto 15956 _bBC _cFOLL _d908311 _eTS1 _i90831 _sb |
||
| 949 |
_aFolleto 15956 _bBC _cFOLL _d908312 _eTS2 _fc.2 _i90831 _si |
||
| 949 |
_aFolleto 15956 _bBC _cUACH _d908313 _eUACH _fc.3 _i90831 _sb |
||
| 999 |
_c79409 _d79409 |
||